[Event "Junior Online 4NCL Division 5"]
[Site "online"]
[Date "2020.05.07"]
[Round "4.144"]
[White "Henderson, George"]
[Black "Vijayakumar, Mrinali"]
[Result "1-0"]
[WhiteElo "1000"]
[BlackElo "790"]
[PlyCount "45"]
[EventDate "2020.05.07"]
[WhiteTeam "Dulwich College Junior B"]
[BlackTeam "Uxbridge Juniors Girls"]

1. Nf3 Nc6 2. e4 Nf6 3. e5 Ne4 4. d3 Nc5 5. d4 Nxd4 6. Nxd4 d5 7. b4 Ne4 8. f3
Nc3 9. Nxc3 e6 10. Bb5+ Ke7 11. Bg5+ f6 12. exf6+ gxf6 13. Bh4 e5 14. Nf5+ Ke6
15. g4 Bxb4 16. Qd2 d4 17. Ng7+ Kd6 18. Ne4+ Ke7 19. Qxb4+ Kf7 20. Bxf6 Kg6 21.
Bxd8 Kxg7 22. Qe7+ Kh6 23. Qg5# 1-0

[Event "Junior Online 4NCL Division 5"]
[Site "online"]
[Date "2020.05.07"]
[Round "4.145"]
[White "Bhasin, Aadit"]
[Black "Cepoi, Gesneria"]
[Result "0-1"]
[WhiteElo "1255"]
[BlackElo "1075"]
[PlyCount "54"]
[EventDate "2020.05.07"]
[WhiteTeam "Dulwich College Junior B"]
[BlackTeam "Uxbridge Juniors Girls"]

1. e4 e5 2. Nf3 d6 3. Bc4 Nf6 4. Ng5 Bg4 5. f3 Be6 6. Bxe6 fxe6 7. Nxe6 Qe7 8.
Nxf8 Qxf8 9. d3 d5 10. exd5 Nxd5 11. Nc3 c6 12. Nxd5 cxd5 13. O-O Qc5+ 14. Kh1
Nc6 15. Re1 O-O 16. Be3 d4 17. Bc1 Rae8 18. a3 h6 19. b4 Qe7 20. b5 Na5 21. f4
Qh4 22. fxe5 Rf5 23. g3 Qh3 24. Bf4 Rh5 25. Kg1 Qxh2+ 26. Kf1 Qh1+ 27. Ke2 Rh2#
0-1

[Event "Junior Online 4NCL Division 5"]
[Site "online"]
[Date "2020.05.07"]
[Round "4.146"]
[White "Knight, Zoe B"]
[Black "Sharma, Ayush"]
[Result "1-0"]
[WhiteElo "1007"]
[BlackElo "1180"]
[PlyCount "57"]
[EventDate "2020.05.07"]
[WhiteTeam "Uxbridge Juniors Girls"]
[BlackTeam "Dulwich College Junior B"]

1. e4 e5 2. Bc4 Nf6 3. Nc3 Nxe4 4. Nxe4 d5 5. Bxd5 Qxd5 6. d3 Bf5 7. Qe2 Nc6 8.
Nf3 O-O-O 9. Bg5 Re8 10. O-O Nd4 11. Nxd4 exd4 12. Bf4 Bxe4 13. dxe4 Rxe4 14.
Qd2 d3 15. a3 Rd4 16. Bg3 dxc2 17. Qxc2 Bc5 18. Rac1 b6 19. b4 Bd6 20. Rfd1 Rd8
21. Rxd4 Qxd4 22. Bxd6 Qxd6 23. g3 Rd7 24. Qxh7 g6 25. Qh8+ Kb7 26. Qc3 Qe6 27.
h4 Qh3 28. Qc6+ Kc8 29. Qa8# 1-0

[Event "Junior Online 4NCL Division 5"]
[Site "online"]
[Date "2020.05.07"]
[Round "4.147"]
[White "Ovchinnikov, Ivan"]
[Black "Siddiqui, Zainab"]
[Result "1-0"]
[WhiteElo "1150"]
[BlackElo "820"]
[PlyCount "71"]
[EventDate "2020.05.07"]
[WhiteTeam "Dulwich College Junior B"]
[BlackTeam "Uxbridge Juniors Girls"]

1. e4 e5 2. Nf3 Nf6 3. Nxe5 Nxe4 4. Nc3 f6 5. Nxe4 fxe5 6. Bc4 d5 7. Bxd5 Qxd5
8. d3 Bc5 9. Nxc5 Qxc5 10. Be3 Qd5 11. c4 Qxg2 12. Qa4+ c6 13. Kd2 Nd7 14. Rhg1
Qf3 15. Qa5 b6 16. Qc3 b5 17. cxb5 Bb7 18. d4 exd4 19. Bxd4 O-O-O 20. Qxf3 Rhf8
21. Qh5 cxb5 22. Bxg7 Rxf2+ 23. Ke3 Bf3 24. Qxh7 Rf8 25. Bxf8 Nxf8 26. Qf5+ Nd7
27. Kxf2 Bc6 28. Rg8+ Kc7 29. Rg6 a5 30. Qe6 Nf8 31. Qxc6+ Kd8 32. Rd6+ Ke7 33.
Re1+ Kf7 34. Qc7+ Kg8 35. Rg1+ Kh8 36. Qg7# 1-0

[Event "Junior Online 4NCL Division 5"]
[Site "online"]
[Date "2020.05.07"]
[Round "4.148"]
[White "Vijayakumar, Mrinali"]
[Black "Henderson, George"]
[Result "0-1"]
[WhiteElo "790"]
[BlackElo "1000"]
[PlyCount "104"]
[EventDate "2020.05.07"]
[WhiteTeam "Uxbridge Juniors Girls"]
[BlackTeam "Dulwich College Junior B"]

1. e4 Nf6 2. e5 Ne4 3. d3 Nc5 4. d4 Ne4 5. f3 d5 6. fxe4 dxe4 7. Nc3 Nc6 8.
Nxe4 e6 9. Ng5 Bb4+ 10. c3 Be7 11. Bb5 a6 12. Bxc6+ bxc6 13. d5 Bxg5 14. Bxg5
Qxg5 15. Nf3 Qxg2 16. Rg1 Qxb2 17. Rb1 Qxc3+ 18. Nd2 Qe3+ 19. Kf1 Qc5 20. dxc6
Qxc6 21. Qh5 g6 22. Qh6 Qc2 23. Qg7 Rf8 24. Rg2 Qxb1+ 25. Nxb1 Bb7 26. Rf2 Ke7
27. Qf6+ Kd7 28. Nc3 Bd5 29. Na4 Rab8 30. Nc5+ Kc6 31. Nxa6 Bc4+ 32. Ke1 Bxa6
33. Qe7 Rb1+ 34. Kd2 Rfb8 35. Kc3 Rc1+ 36. Rc2 Re1 37. Qh4 Rxe5 38. Qf6 Rc5+
39. Kd4 Rxc2 40. Qf4 Rc4+ 41. Ke3 Rxf4 42. Kxf4 f5 43. Ke5 h6 44. Kxe6 Rf8 45.
Ke7 Rh8 46. Kf6 Rf8+ 47. Kxg6 f4 48. Kxh6 f3 49. Kh5 f2 50. Kg4 f1=Q 51. h3
Qg1+ 52. Kh4 Rh8# 0-1

[Event "Junior Online 4NCL Division 5"]
[Site "online"]
[Date "2020.05.07"]
[Round "4.151"]
[White "Kulkarni, Arnav"]
[Black "Pitts, Daniel"]
[Result "0-1"]
[WhiteElo "1070"]
[BlackElo "1240"]
[PlyCount "83"]
[EventDate "2020.05.07"]
[WhiteTeam "St John's College C"]
[BlackTeam "Robin Hoods 4"]

1. e4 e5 2. Nf3 Nc6 3. Nc3 Nf6 4. d4 exd4 5. Nxd4 Nxd4 6. Qxd4 Bd6 7. Bg5 Be7
8. e5 Nh5 9. Bxe7 Qxe7 10. Be2 d6 11. Bxh5 dxe5 12. Qa4+ Bd7 13. Qb4 Qxb4 14.
O-O-O Bg4 15. Bxg4 Qxg4 16. Rhe1 O-O 17. Rxe5 Qf4+ 18. Re3 Qxf2 19. Red3 Qxg2
20. R3d2 Qg5 21. Ne4 Qf4 22. Nc5 Qb4 23. Nd3 Qd6 24. h3 Rfd8 25. Nf2 Qf6 26.
Ng4 Qg5 27. h4 Qxh4 28. a3 Rxd2 29. Rxd2 Qxg4 30. Kb1 Qg1+ 31. Ka2 h5 32. Rd7
Qg3 33. Rd3 Qe5 34. b3 Qf5 35. Rd2 h4 36. Rh2 h3 37. Re2 Kf8 38. c4 Re8 39. Rd2
Qf4 40. Rb2 h2 41. Rb1 Qe4 42. Rh1 0-1

[Event "Junior Online 4NCL Division 5"]
[Site "online"]
[Date "2020.05.07"]
[Round "4.152"]
[White "Asensio, Tomas"]
[Black "Omidvar, Dominic"]
[Result "1-0"]
[WhiteElo "1232"]
[BlackElo "974"]
[PlyCount "89"]
[EventDate "2020.05.07"]
[WhiteTeam "Robin Hoods 4"]
[BlackTeam "St John's College C"]

1. e4 d6 2. Nc3 Nf6 3. d4 Nbd7 4. Nf3 e5 5. dxe5 dxe5 6. Bg5 h6 7. Bxf6 Nxf6 8.
Qxd8+ Kxd8 9. Nxe5 Bd6 10. Nxf7+ Ke7 11. Nxh8 Bd7 12. Ng6+ Kf7 13. Nh4 g5 14.
Nf3 Re8 15. Bd3 Bc5 16. e5 Ng4 17. Ne4 Bc6 18. Nxc5 b6 19. Bc4+ Kf8 20. e6 bxc5
21. O-O-O Nf6 22. Ne5 Bxg2 23. Rhe1 Bf3 24. Nxf3 Ke7 25. Ne5 Kf8 26. Ng6+ Kg7
27. Ne5 Kf8 28. Nd7+ Ke7 29. c3 Ng4 30. b4 Nxf2 31. Rd2 Ng4 32. bxc5 c6 33. h3
Nf6 34. Nxf6 Kxf6 35. e7 Kg6 36. Rf2 h5 37. Bf7+ Kg7 38. Bxe8 Kh6 39. Bxh5 Kxh5
40. e8=Q+ Kh4 41. Re4+ Kg3 42. Qf8 Kxh3 43. Rf6 Kg2 44. Rg4+ Kh2 45. Rh6# 1-0

[Event "Junior Online 4NCL Division 5"]
[Site "online"]
[Date "2020.05.07"]
[Round "4.153"]
[White "Singh, Ayush"]
[Black "Javed, Zain"]
[Result "1-0"]
[WhiteElo "901"]
[BlackElo "1232"]
[PlyCount "27"]
[EventDate "2020.05.07"]
[WhiteTeam "St John's College C"]
[BlackTeam "Robin Hoods 4"]

1. e4 e5 2. Nf3 Nc6 3. Nc3 Nf6 4. d4 exd4 5. Nxd4 Nxd4 6. Qxd4 d5 7. exd5 Nxd5
8. Nxd5 c6 9. Nc7+ Qxc7 10. Qe4+ Be7 11. Bc4 O-O 12. Bd3 Re8 13. Qxh7+ Kf8 14.
Qh8# 1-0

[Event "Junior Online 4NCL Division 5"]
[Site "online"]
[Date "2020.05.07"]
[Round "4.154"]
[White "Griffiths, Dylan"]
[Black "Omidvar, Lara"]
[Result "0-1"]
[WhiteElo "1195"]
[BlackElo "790"]
[PlyCount "48"]
[EventDate "2020.05.07"]
[WhiteTeam "Robin Hoods 4"]
[BlackTeam "St John's College C"]

1. e4 e5 2. Nf3 Nc6 3. Bc4 Nf6 4. Nc3 Bc5 5. d3 O-O 6. Be3 Bxe3 7. fxe3 d6 8.
d4 exd4 9. exd4 Bg4 10. Qd2 Qe7 11. O-O-O Nxe4 12. Nxe4 Qxe4 13. Rhe1 Qf5 14.
Rf1 Bxf3 15. gxf3 d5 16. Bd3 Qh3 17. Rg1 Nxd4 18. f4 Nf3 19. Qc3 Nxg1 20. Bxh7+
Qxh7 21. Rxg1 g6 22. f5 Qxh2 23. Rg3 Qh6+ 24. Kb1 Qh1+ 0-1

[Event "Junior Online 4NCL Division 5"]
[Site "online"]
[Date "2020.05.07"]
[Round "4.155"]
[White "Pitts, Daniel"]
[Black "Kulkarni, Arnav"]
[Result "1-0"]
[WhiteElo "1240"]
[BlackElo "1070"]
[PlyCount "151"]
[EventDate "2020.05.07"]
[WhiteTeam "Robin Hoods 4"]
[BlackTeam "St John's College C"]

1. e4 e5 2. Nf3 Nc6 3. Nc3 Nf6 4. Bb5 d5 5. exd5 Nxd5 6. Bxc6+ bxc6 7. Nxd5
cxd5 8. Qe2 f6 9. d4 e4 10. O-O Be6 11. Nh4 f5 12. Qh5+ Bf7 13. Qxf5 Qxh4 14.
Qe5+ Qe7 15. Bg5 Qxe5 16. dxe5 Bc5 17. Rad1 c6 18. b3 O-O 19. c4 dxc4 20. bxc4
Bxc4 21. Rfe1 Bb4 22. Rxe4 Bc5 23. Rxc4 Bxf2+ 24. Kh1 Rae8 25. Rc2 Rxe5 26. Bc1
Bb6 27. h3 c5 28. Bb2 Ref5 29. Rcc1 Bc7 30. Ba3 Bd6 31. Rxd6 Rf1+ 32. Rxf1
Rxf1+ 33. Kh2 Ra1 34. Rd8+ Kf7 35. Bxc5 Rxa2 36. Ra8 Rc2 37. Rxa7+ Kf6 38. Be7+
Kg6 39. Ra6+ Kf7 40. Bh4 Rc4 41. Bg3 g6 42. Ra7+ Kf6 43. Rxh7 Kf5 44. Rf7+ Kg5
45. h4+ Kh6 46. Rf6 Kh5 47. Kh3 g5 48. Rf5 Kg6 49. Rxg5+ Kf6 50. Rg4 Rc5 51.
Bd6 Rc6 52. h5 Rxd6 53. Rg6+ Ke5 54. Rxd6 Kxd6 55. h6 Ke7 56. h7 Kf7 57. h8=Q
Ke6 58. Qg7 Kd5 59. Qf6 Ke4 60. g4 Kd5 61. Qe7 Kd4 62. Qe6 Kc5 63. Qd7 Kc4 64.
Qd6 Kc3 65. Qd5 Kc2 66. Qd4 Kc1 67. Qd3 Kb2 68. Qc4 Kb1 69. Qc3 Ka2 70. Qb4 Ka1
71. g5 Ka2 72. g6 Ka1 73. g7 Ka2 74. g8=Q+ Ka1 75. Qg7+ Ka2 76. Qbb2# 1-0

[Event "Junior Online 4NCL Division 5"]
[Site "online"]
[Date "2020.05.07"]
[Round "4.157"]
[White "Javed, Zain"]
[Black "Singh, Ayush"]
[Result "1-0"]
[WhiteElo "1232"]
[BlackElo "901"]
[PlyCount "43"]
[EventDate "2020.05.07"]
[WhiteTeam "Robin Hoods 4"]
[BlackTeam "St John's College C"]

1. e4 e5 2. Nf3 Nc6 3. Bc4 h6 4. Nc3 Nf6 5. d3 Bc5 6. Be3 Bxe3 7. fxe3 O-O 8.
Qe2 d6 9. O-O-O Bg4 10. Nd5 Nxd5 11. Bxd5 Bxf3 12. gxf3 Qg5 13. Rhg1 Qf6 14.
Rg3 g5 15. h4 Rae8 16. hxg5 hxg5 17. Rh1 Nb4 18. Qh2 Qg7 19. Rxg5 c6 20. Rxg7+
Kxg7 21. Qh6+ Kg8 22. Qh7# 1-0

[Event "Junior Online 4NCL Division 5"]
[Site "online"]
[Date "2020.05.07"]
[Round "4.158"]
[White "Omidvar, Lara"]
[Black "Griffiths, Dylan"]
[Result "0-1"]
[WhiteElo "790"]
[BlackElo "1195"]
[PlyCount "30"]
[EventDate "2020.05.07"]
[WhiteTeam "St John's College C"]
[BlackTeam "Robin Hoods 4"]

1. e4 e5 2. Nf3 Nc6 3. Bc4 Nf6 4. Ng5 Nxe4 5. Qf3 Nxg5 6. Qd5 d6 7. d3 Be6 8.
Qb5 d5 9. Bxg5 Qxg5 10. Qxb7 Rb8 11. Qxc6+ Bd7 12. Qxc7 Rxb2 13. Qxa7 Rxc2 14.
Qb8+ Ke7 15. Bxd5 Qc1# 0-1

[Event "Junior Online 4NCL Division 5"]
[Site "online"]
[Date "2020.05.07"]
[Round "4.161"]
[White "Rajesh, Shradha"]
[Black "Hoccom, Sebastian"]
[Result "0-1"]
[WhiteElo "1240"]
[BlackElo "900"]
[PlyCount "36"]
[EventDate "2020.05.07"]
[WhiteTeam "Harrow Juniors E"]
[BlackTeam "TSK Tigers B"]

1. c4 e5 2. Nc3 Bb4 3. e3 Nf6 4. Be2 O-O 5. Nf3 Nc6 6. a3 Bxc3 7. bxc3 d5 8.
cxd5 Qxd5 9. O-O Bg4 10. Re1 e4 11. Nd4 Bxe2 12. Nxe2 Rad8 13. d4 exd3 14. Nd4
Nxd4 15. exd4 Rfe8 16. Bg5 Rxe1+ 17. Qxe1 Qxg5 18. Qd2 Qxd2 0-1

[Event "Junior Online 4NCL Division 5"]
[Site "online"]
[Date "2020.05.07"]
[Round "4.162"]
[White "Lewis, Evan"]
[Black "Cann, Arthur"]
[Result "0-1"]
[WhiteElo "916"]
[BlackElo "1240"]
[PlyCount "130"]
[EventDate "2020.05.07"]
[WhiteTeam "TSK Tigers B"]
[BlackTeam "Harrow Juniors E"]

1. e4 e5 2. Nf3 Nc6 3. d4 Bb4+ 4. c3 Nxd4 5. Nxd4 exd4 6. Bc4 dxc3 7. bxc3 Bc5
8. O-O Bd6 9. Re1 Qf6 10. e5 Bxe5 11. Ba3 Ne7 12. g3 O-O 13. Bxe7 Qxe7 14. Nd2
Qc5 15. Rc1 Bf6 16. Qf3 Bg5 17. Qd3 d6 18. Bb3 Bf5 19. Qf3 Bxd2 20. Rb1 Bxe1
21. Rxe1 Rae8 22. Rxe8 Rxe8 23. g4 Be4 24. Qe2 Qxc3 25. h4 Qh3 26. f3 Qxf3 27.
Qxf3 Bxf3 28. Kf2 Bxg4 29. Kg3 Be6 30. Bc2 Bxa2 31. Ba4 Bb3 32. Bxe8 Kf8 33.
Bb5 c5 34. Bd3 a5 35. Bxh7 a4 36. Kg4 a3 37. Bb1 Bc2 38. Ba2 Bb3 39. Bxb3 b5
40. Ba2 b4 41. Kg5 Ke7 42. h5 Kf8 43. Kf5 g6+ 44. hxg6 fxg6+ 45. Kxg6 Ke7 46.
Kf5 Kd7 47. Ke4 Kc6 48. Kd3 Kb5 49. Kc2 Ka4 50. Bb3+ Kb5 51. Ba2 c4 52. Kd2 b3
53. Bb1 a2 54. Be4 a1=Q 55. Ke3 b2 56. Kf4 b1=Q 57. Bxb1 Qxb1 58. Kg5 Qf1 59.
Kh6 Qg2 60. Kh7 Qg5 61. Kh8 Kc5 62. Kh7 Kd5 63. Kh8 Ke6 64. Kh7 Kf6 65. Kh8
Qg7# 0-1

[Event "Junior Online 4NCL Division 5"]
[Site "online"]
[Date "2020.05.07"]
[Round "4.163"]
[White "Pipalia, Rishi"]
[Black "Elliott, Joseph"]
[Result "1-0"]
[WhiteElo "1105"]
[BlackElo "970"]
[PlyCount "31"]
[EventDate "2020.05.07"]
[WhiteTeam "Harrow Juniors E"]
[BlackTeam "TSK Tigers B"]

1. e4 e5 2. Nf3 Nc6 3. Bc4 Bc5 4. Nc3 Nf6 5. d3 Ng4 6. O-O Nxf2 7. Rxf2 Bxf2+
8. Kxf2 O-O 9. Be3 d6 10. Bg5 Qe8 11. Nd5 Qd7 12. Bf6 Re8 13. Qc1 Ne7 14. Qg5
g6 15. Qh6 Nf5 16. exf5 1-0

[Event "Junior Online 4NCL Division 5"]
[Site "online"]
[Date "2020.05.07"]
[Round "4.164"]
[White "Choung, Ava Grace"]
[Black "Evans, Joseph"]
[Result "0-1"]
[WhiteElo "921"]
[BlackElo "1007"]
[PlyCount "86"]
[EventDate "2020.05.07"]
[WhiteTeam "TSK Tigers B"]
[BlackTeam "Harrow Juniors E"]

1. e4 c5 2. Nf3 Nc6 3. Nc3 g6 4. d3 Bg7 5. Bd2 e6 6. Be2 Nge7 7. Bg5 Qa5 8. Qd2
Ne5 9. Nxe5 Bxe5 10. O-O d5 11. exd5 Nxd5 12. Rad1 Nxc3 13. bxc3 Bxc3 14. Bf6
Bxd2 15. Bxh8 Bc3 16. Bxc3 Qxc3 17. d4 cxd4 18. Bb5+ Kf8 19. Rd3 Qxc2 20. Rxd4
Qc5 21. Rd8+ Ke7 22. Re8+ Kf6 23. a4 a6 24. Bd3 b5 25. axb5 axb5 26. h4 Bb7 27.
g4 Rxe8 28. g5+ Kg7 29. h5 gxh5 30. Re1 Qc6 31. Be4 Qb6 32. Bxb7 Qxb7 33. Re5
b4 34. Re3 b3 35. Rxb3 Qxb3 36. g6 Qb1+ 37. Kg2 Qxg6+ 38. Kf3 Ra8 39. Kf4 Ra4+
40. Ke5 Qe4+ 41. Kd6 Qd5+ 42. Ke7 Ra7+ 43. Ke8 Qd7# 0-1

[Event "Junior Online 4NCL Division 5"]
[Site "online"]
[Date "2020.05.07"]
[Round "4.165"]
[White "Hoccom, Sebastian"]
[Black "Rajesh, Shradha"]
[Result "1-0"]
[WhiteElo "900"]
[BlackElo "1240"]
[PlyCount "121"]
[EventDate "2020.05.07"]
[WhiteTeam "TSK Tigers B"]
[BlackTeam "Harrow Juniors E"]

1. e4 c5 2. Nf3 Nc6 3. Bb5 d6 4. O-O Bd7 5. Nc3 g6 6. d4 a6 7. Bxc6 Bxc6 8. d5
Bd7 9. Qd3 Bg7 10. b3 Nf6 11. e5 dxe5 12. Nxe5 O-O 13. Nxd7 Qxd7 14. Ba3 b6 15.
b4 cxb4 16. Bxb4 a5 17. Ba3 Rad8 18. Rad1 Qc7 19. Rfe1 Ng4 20. g3 Bxc3 21. Rxe7
Rd7 22. Rxd7 Qxd7 23. Bxf8 Be5 24. Ba3 Qa7 25. h3 Nf6 26. Re1 Bc7 27. Re7 Qb8
28. Qf3 Be5 29. d6 Ba1 30. d7 Qd8 31. Qd1 Bc3 32. Qd3 Ba1 33. Qd6 b5 34. Bc5
Nxd7 35. Qxd7 Qxd7 36. Rxd7 Kg7 37. Rb7 b4 38. Bxb4 axb4 39. Rxb4 Kh6 40. Rh4+
Kg7 41. Kf1 h5 42. Ke2 Bf6 43. Rf4 Bg5 44. Kf3 Bxf4 45. Kxf4 Kf6 46. a4 Ke7 47.
a5 Kd7 48. Ke5 Kc7 49. Kf6 Kb7 50. Kxf7 Ka6 51. Kxg6 Kxa5 52. Kxh5 Kb5 53. g4
Kc5 54. f4 Kd6 55. f5 Ke7 56. c4 Kf6 57. c5 Ke7 58. c6 Kd6 59. f6 Kxc6 60. f7
Kd6 61. f8=Q+ 1-0

[Event "Junior Online 4NCL Division 5"]
[Site "online"]
[Date "2020.05.07"]
[Round "4.166"]
[White "Cann, Arthur"]
[Black "Lewis, Evan"]
[Result "1-0"]
[WhiteElo "1240"]
[BlackElo "916"]
[PlyCount "139"]
[EventDate "2020.05.07"]
[WhiteTeam "Harrow Juniors E"]
[BlackTeam "TSK Tigers B"]

1. e4 e5 2. Nf3 Nc6 3. Bb5 Nf6 4. Bxc6 bxc6 5. O-O Nxe4 6. Qe2 d5 7. Nxe5 Qd6
8. Qh5 g6 9. Qg5 Be7 10. Qh6 Qxe5 11. d3 Nd6 12. Bf4 Qxb2 13. Nc3 Qxc3 14. Rae1
Ba6 15. Be5 Rf8 16. Bxc3 Nf5 17. Bb4 Nxh6 18. Rxe7+ Kd8 19. Re3 Re8 20. Rh3 Nf5
21. Rxh7 Nd4 22. Rxf7 Nxc2 23. Bc5 Bxd3 24. Rd1 a5 25. h3 Bb5 26. Bd4 Nxd4 27.
Rxd4 Re1+ 28. Kh2 g5 29. Rg4 Ke8 30. Rxc7 Kd8 31. Rh7 Bd3 32. Rh8+ Re8 33. Rh6
Rb8 34. Rd6+ Kc8 35. Rxc6+ Kd8 36. Rd4 Bb5 37. Rxd5+ Ke7 38. Rcc5 Ke6 39. Re5+
Kd7 40. Rxg5 Re2 41. Rgf5 Rc8 42. Rxb5 Rxa2 43. Rbd5+ Kc7 44. Rc5+ Kb8 45.
Rxc8+ Kxc8 46. Rf8+ Kd7 47. f3 Ke7 48. Rf5 Ke6 49. Rf4 Ke5 50. Rf8 Ke6 51. h4
Ra4 52. h5 Rh4+ 53. Kg3 Rxh5 54. f4 Rf5 55. Re8+ Kd7 56. Ra8 Kc7 57. Ra7+ Kb6
58. Rd7 a4 59. Rd1 a3 60. Ra1 Kc5 61. Rxa3 Kd4 62. Kg4 Ke4 63. Ra4+ Kd3 64.
Kxf5 Ke2 65. g4 Kf3 66. g5 Kg3 67. g6 Kh4 68. g7 Kh5 69. g8=Q Kh4 70. Qg4# 1-0

[Event "Junior Online 4NCL Division 5"]
[Site "online"]
[Date "2020.05.07"]
[Round "4.167"]
[White "Elliott, Joseph"]
[Black "Pipalia, Rishi"]
[Result "0-1"]
[WhiteElo "970"]
[BlackElo "1105"]
[PlyCount "124"]
[EventDate "2020.05.07"]
[WhiteTeam "TSK Tigers B"]
[BlackTeam "Harrow Juniors E"]

1. e4 e5 2. Nf3 Nc6 3. Bc4 Bc5 4. Nc3 Nf6 5. d3 d6 6. O-O Be6 7. Bxe6 fxe6 8.
Ng5 d5 9. Nxe6 Qe7 10. Nxc5 Qxc5 11. exd5 Nxd5 12. Nxd5 Qxd5 13. Qh5+ g6 14.
Qe2 O-O-O 15. c4 Qd6 16. Rd1 Nd4 17. Qg4+ Kb8 18. Be3 Nc2 19. Rac1 Nxe3 20.
fxe3 Qc6 21. b4 Qa4 22. Ra1 Qxb4 23. Rab1 Qc5 24. Qe4 c6 25. d4 exd4 26. Rxd4
Rxd4 27. Qxd4 Qxd4 28. exd4 Rd8 29. Rd1 c5 30. d5 Kc7 31. h4 h6 32. g4 h5 33.
gxh5 gxh5 34. Re1 a6 35. Re5 Rh8 36. Re7+ Kb6 37. Re6+ Kc7 38. Re7+ Kb6 39.
Re6+ Ka7 40. a4 Rg8+ 41. Kh2 Rg4 42. Kh3 Rxc4 43. Re5 Rxa4 44. Rxh5 Rd4 45. Re5
c4 46. h5 c3 47. h6 c2 48. Re1 Rd1 49. Rxd1 cxd1=Q 50. h7 Qh1+ 51. Kg3 Qxh7 52.
d6 Qg6+ 53. Kf4 Qxd6+ 54. Ke4 b5 55. Ke3 b4 56. Ke4 b3 57. Ke3 b2 58. Ke2 b1=R
59. Ke3 Rb4 60. Kf3 Qd3+ 61. Kf2 Rb2+ 62. Ke1 Qb1# 0-1

[Event "Junior Online 4NCL Division 5"]
[Site "online"]
[Date "2020.05.07"]
[Round "4.168"]
[White "Evans, Joseph"]
[Black "Choung, Ava Grace"]
[Result "1-0"]
[WhiteElo "1007"]
[BlackElo "921"]
[PlyCount "109"]
[EventDate "2020.05.07"]
[WhiteTeam "Harrow Juniors E"]
[BlackTeam "TSK Tigers B"]

1. c4 e5 2. g3 Nc6 3. Bg2 Nf6 4. e3 Bb4 5. Ne2 d6 6. O-O Bg4 7. f3 Bf5 8. a3
Bc5 9. d4 exd4 10. exd4 Bxd4+ 11. Nxd4 O-O 12. Nxf5 g6 13. Nd4 Re8 14. Nxc6
bxc6 15. f4 d5 16. Nc3 a5 17. cxd5 cxd5 18. Nxd5 Ng4 19. b3 Rb8 20. Bb2 c6 21.
Nf6+ Nxf6 22. Bxf6 Qxf6 23. Bxc6 Red8 24. Qc2 Rbc8 25. Rad1 Re8 26. Rfe1 Rxc6
27. Rxe8+ Kg7 28. Qe2 Re6 29. Rxe6 fxe6 30. Rd7+ Kh6 31. Ra7 Qd4+ 32. Qf2 Qd1+
33. Qf1 Qxb3 34. f5 exf5 35. Qc1+ g5 36. h4 f4 37. hxg5+ Kxg5 38. gxf4+ Kg6 39.
Qc6+ Kf5 40. Rxa5+ Kg4 41. Qg2+ Qg3 42. Qxg3+ Kxg3 43. f5 h5 44. f6 h4 45. f7
h3 46. f8=Q h2+ 47. Kh1 Kh3 48. Qh8+ Kg3 49. Qxh2+ Kf3 50. Qg2+ Kf4 51. Ra4+
Kf5 52. Qd5+ Kg6 53. Ra6+ Kg7 54. Qd7+ Kh8 55. Ra8# 1-0

[Event "Junior Online 4NCL Division 5"]
[Site "online"]
[Date "2020.05.07"]
[Round "4.171"]
[White "Keerthi Kumar, Advait"]
[Black "Pardeshi, Prachi"]
[Result "1-0"]
[WhiteElo "1202"]
[BlackElo "519"]
[PlyCount "101"]
[EventDate "2020.05.07"]
[WhiteTeam "Watford 4"]
[BlackTeam "East Kilbride Bishops"]

1. e4 e5 2. Nf3 Nc6 3. Be2 Bc5 4. O-O Nf6 5. Nc3 d5 6. exd5 Nxd5 7. Nxd5 Qxd5
8. b3 Nd4 9. Nxd4 exd4 10. Bc4 Qf5 11. Qe2+ Be6 12. Bxe6 Qxe6 13. Qd1 O-O-O 14.
Re1 Qd6 15. a4 Qf6 16. Qg4+ Kb8 17. Bb2 h5 18. Qg3 Bd6 19. Qh3 g5 20. c3 Qf4
21. b4 Qxd2 22. Rab1 g4 23. Qh4 dxc3 24. Red1 Qc2 25. Rdc1 Qxa4 26. Bxc3 Rhf8
27. Bg7 Rg8 28. b5 Rc8 29. Bf6 Bf4 30. Rd1 b6 31. g3 Bd6 32. Be7 Bxe7 33. Qxe7
f5 34. Ra1 Qxb5 35. Rdb1 Qd3 36. Qf7 Rh8 37. Qa2 a5 38. Qxa5 Kb7 39. Qa7+ Kc6
40. Rc1+ Kd7 41. Rd1 Qxd1+ 42. Rxd1+ Kc6 43. Rc1+ Kd7 44. Qb7 Rhf8 45. Qc6+ Kd8
46. Rd1+ Ke7 47. Rd7+ Ke8 48. Rxc7+ Kd8 49. Qd6+ Ke8 50. Qe6+ Kd8 51. Rxc8# 1-0

[Event "Junior Online 4NCL Division 5"]
[Site "online"]
[Date "2020.05.07"]
[Round "4.172"]
[White "Roul, Karan"]
[Black "Shah, Prem"]
[Result "0-1"]
[WhiteElo "434"]
[BlackElo "1022"]
[PlyCount "60"]
[EventDate "2020.05.07"]
[WhiteTeam "East Kilbride Bishops"]
[BlackTeam "Watford 4"]

1. e4 e5 2. Nf3 Nc6 3. Nc3 Nf6 4. d4 exd4 5. Nxd4 Bc5 6. Be3 Nxd4 7. Bxd4 Bxd4
8. Qxd4 O-O 9. O-O-O d6 10. Bd3 Be6 11. Qe3 Ng4 12. Qf4 g5 13. f3 gxf4 14. fxg4
Bxg4 15. Rdf1 Qg5 16. Kb1 c6 17. g3 f3 18. h3 Be6 19. Rxf3 d5 20. h4 Qg4 21.
Be2 dxe4 22. Rff1 Qxg3 23. Nxe4 Qe5 24. Rfg1+ Kh8 25. Ng3 Rg8 26. Nh5 Qxe2 27.
Nf6 Rxg1+ 28. Rxg1 Bh3 29. a3 Be6 30. Nh5 Qxh5 0-1

[Event "Junior Online 4NCL Division 5"]
[Site "online"]
[Date "2020.05.07"]
[Round "4.173"]
[White "Arora, Aarav"]
[Black "Narasimhan, Srivathsan"]
[Result "1-0"]
[WhiteElo "1007"]
[BlackElo "410"]
[PlyCount "57"]
[EventDate "2020.05.07"]
[WhiteTeam "Watford 4"]
[BlackTeam "East Kilbride Bishops"]

1. e4 e5 2. Nf3 Nc6 3. Bc4 Nf6 4. Nc3 Nxe4 5. Nxe4 d5 6. Bb3 dxe4 7. Ng1 Bf5 8.
Ne2 Bc5 9. O-O O-O 10. c3 Qg5 11. d4 exd4 12. cxd4 Nxd4 13. Nxd4 Rad8 14. Bxg5
Rxd4 15. Qc2 Rfd8 16. Qxc5 R8d5 17. Qxc7 Rd7 18. Qb8+ Rd8 19. Bxd8 h6 20. Bf6+
Kh7 21. Bxd4 f6 22. Qxb7 a5 23. Rac1 e3 24. Rc7 Kg6 25. Rxg7+ Kh5 26. f3 Kh4
27. g3+ Kh3 28. Qf7 e2 29. Qh5# 1-0

[Event "Junior Online 4NCL Division 5"]
[Site "online"]
[Date "2020.05.07"]
[Round "4.176"]
[White "Shah, Prem"]
[Black "Roul, Karan"]
[Result "1-0"]
[WhiteElo "1022"]
[BlackElo "434"]
[PlyCount "147"]
[EventDate "2020.05.07"]
[WhiteTeam "Watford 4"]
[BlackTeam "East Kilbride Bishops"]

1. d4 d5 2. c4 e5 3. dxe5 d4 4. Nf3 Nc6 5. Bg5 f6 6. exf6 gxf6 7. Bh4 Be6 8. e3
dxe3 9. Qxd8+ Nxd8 10. Bxf6 Nxf6 11. Nc3 Nc6 12. O-O-O Bd7 13. Ng5 Ng4 14. f3
Nf2 15. Nb5 Bd6 16. c5 a6 17. cxd6 axb5 18. dxc7 Nxd1 19. Kxd1 Nb4 20. a3 Na6
21. Ke2 Nxc7 22. Kxe3 O-O-O 23. Nf7 Rde8+ 24. Kd3 Rhf8 25. Nd6+ Kd8 26. Nxe8
Rxe8 27. Kc3 Re3+ 28. Kd4 Re1 29. Kd3 Bf5+ 30. Kd2 Rb1 31. Kc3 Nd5+ 32. Kd4
Rd1+ 33. Ke5 Bd3 34. Kxd5 Bxf1+ 35. Kc5 h6 36. f4 Kd7 37. h4 Ke6 38. Rh3 Bxg2
39. Rg3 Rd5+ 40. Kb6 Be4 41. b4 Kd6 42. Rc3 Rd1 43. Kxb5 Bc6+ 44. Kb6 Rh1 45.
Rd3+ Ke7 46. b5 Be4 47. Re3 Rxh4 48. Rxe4+ Kd6 49. Kxb7 Kc5 50. a4 h5 51. Re5+
Kb4 52. f5 Kxa4 53. f6 Rg4 54. Re8 Kxb5 55. f7 Rg7 56. Re7 h4 57. f8=Q Rxe7+
58. Qxe7 h3 59. Qh4 h2 60. Qxh2 Kb4 61. Qc2 Kb5 62. Qc3 Ka4 63. Qc8 Kb3 64. Kb6
Kb2 65. Kb5 Kb3 66. Qg8+ Ka3 67. Kc4 Kb2 68. Qg2+ Ka3 69. Qf3+ Kb2 70. Qc3+ Kb1
71. Qd2 Ka1 72. Qh2 Kb1 73. Kc3 Ka1 74. Qb2# 1-0

[Event "Junior Online 4NCL Division 5"]
[Site "online"]
[Date "2020.05.07"]
[Round "4.177"]
[White "Narasimhan, Srivathsan"]
[Black "Arora, Aarav"]
[Result "0-1"]
[WhiteElo "410"]
[BlackElo "1007"]
[PlyCount "78"]
[EventDate "2020.05.07"]
[WhiteTeam "East Kilbride Bishops"]
[BlackTeam "Watford 4"]

1. e4 e5 2. Nf3 Nc6 3. Nc3 Nf6 4. d4 exd4 5. Nxd4 Nxd4 6. Qxd4 d6 7. Bf4 Be7 8.
Bc4 O-O 9. O-O c5 10. Qe3 Re8 11. Qg3 Bg4 12. Nd5 Nxd5 13. Bxd5 Bh5 14. e5 dxe5
15. Bxe5 Bg6 16. Rad1 Bf6 17. Bxf6 Qxf6 18. Rfe1 Rxe1+ 19. Rxe1 h6 20. Qd6 Qxd6
21. Bxb7 Rb8 22. Ba6 Qxa6 23. c3 Rxb2 24. h3 Qxa2 25. Re8+ Kh7 26. Re1 Rb1 27.
Kf1 Qa1 28. Rxb1 Qxb1+ 29. Ke2 Bd3+ 30. Kf3 a5 31. Ke3 a4 32. Kf3 Qd1+ 33. Ke3
a3 34. g3 a2 35. f3 a1=Q 36. Kf2 Qb2+ 37. Ke3 Qbe2+ 38. Kf4 g5+ 39. Kg4 Qxf3#
0-1